Responses for Show #1544 - Thursday, April 25, 1991

Contestants

[<< previous game]

Tod Hughes, a bank product developer from Newark, Delaware

Phyllis Marks, a domestic engineer originally from Cleveland, Ohio

Dave Gibboni, a research chemist originally from Philadelphia, Pennsylvania (whose 1-day cash winnings total $8,800)

[next game >>]

Jeopardy! Round responses

WORLD HISTORY
"LAST" FILMS
NEVADA
SPORTS
FOOD
ANAGRAMS
    $100 5
Haiti

Tod
    $100 6
The Last Detail

Phyllis
    $100 24
Las Vegas

Tod
    $100 21
the clubs

Tod
    $100 1
chicken soup

Dave
    $100 9
eel (Lee)

Dave
    $200 17
(Alex: Domitian was a [*] emperor, the obvious.)

Roman

Triple Stumper
    $200 7
The Last Picture Show

Dave
    $200 27
(Phyllis: What's the dam?)
(Alex: Be more specific.)
(Phyllis: What the [*]?)
(Alex: [*] or Hoover Dam, yes.)

Boulder Dam

Phyllis
    $200 22
cricket

Tod
    $200 2
a crepe

Dave
    $200 10
Bella (label)

Phyllis
    $400 18
Elizabeth I

Phyllis
    $300 13
The Last Angry Man

Triple Stumper
    $300 28
silver

Dave
    $300 23
basketball

Dave
    $300 3
venison

Phyllis
    $300 11
Rocky (Corky)

Triple Stumper
    $400 19
(Dave: What is Antarctica?)

Australia

Dave
Triple Stumper
    $400 14
The Last Emperor (or Last Tango in Paris

Dave
    $400 29
Wells Fargo

Phyllis
    $400 25
a chukker

Tod
    $400 4
bacon

Tod
    $400 12
Lima (mail)

Tod
    $500 20
the Crimean

Phyllis
    $500 16
The Last Starfighter

Triple Stumper
    $500 30
Basque

Dave
    $500 26
Czechoslovakia

Phyllis
    $500 8
black-eyed peas

Dave
    $500 15
Dolly (Lloyd)

Phyllis

Scores at the first commercial break (after clue 16):

Dave Phyllis Tod
$1,500 $1,100 $900

Scores at the end of the Jeopardy! Round:

Dave Phyllis Tod
$2,200 $3,100 $1,700

Double Jeopardy! Round responses

ART
BOOKS & AUTHORS
BIOLOGY
CAPITAL CITIES
MUSIC
MESOPOTAMIAN TRIVIA
    $200 1
China

Dave
    $200 12
(Margaret) Mitchell

Tod
    $200 9
(Tod: What is a cow?)

a dog

DaveTod
    $200 2
(Phyllia: What is Leningrad?)

Moscow

DavePhyllis
    $200 20
Gilbert & Sullivan

Dave
    $200 16
chariots

Phyllis
    $400 5
de Medici

Dave
    $400 15
(Agatha) Christie

Dave
    $400 10
the kidney

Dave
    $400 3
Jakarta

Tod
    $400 23
(Johann Sebastian) Bach

Phyllis
    $400 27
Iraq

Phyllis
    $600 7
the Netherlands

Dave
    $600 17
Horatio Alger

Phyllis
    $600 11
water

Tod
    $600 4
Nigeria

Tod
    $600 24
Steinway

Dave
    $600 28
the language

Phyllis
    $800 13
Oldenburg

Tod
    $1,700 18
Mark Twain

Phyllis
    $800 21
the aorta

Dave
    $800 6
(Alex: Capital of Lebanon.)

Beirut

Tod
    $600 25
[The "Galop infernal" from Orpheus in the Underworld (the "Can-Can") plays.]

Offenbach

Dave
    $800 29
Ur

Phyllis
    $1000 14
(Diego) Rivera

Phyllis
    $1000 19
Dalton Trumbo

Triple Stumper
    $1000 22
symbiosis

Phyllis
    $1000 8
[Note: The single-L spelling "Walachian" was used here.]

Bucharest (Romania)

Dave
    $1000 26
(Arnold) Schoenberg

Dave
    $1000 30
(Tod: Who is Nebuchadnezzar?)

Gilgamesh

Tod
Triple Stumper

Scores at the end of the Double Jeopardy! Round:

Dave Phyllis Tod
$8,800 $9,600 $3,900

[wagering suggestions for these scores]

Final Jeopardy! Round responses

PRESIDENTS
(Alex: You and Tod had the right idea in that you were thinking that the Democrats have controlled both houses for so long, it must have been a Democrat as President. And it was, but the man's name was [*].)
TodWho is Johnson
$3,500
DaveWho is Eisenhower?
$8,800
PhyllisWho is JFK? Kennedy?
$8,001
Jimmy Carter

Final scores:

Dave Phyllis Tod
$0 $1,599 $400
3rd place: Ventura luggage New champion: $1,599 2nd place: Whirlpool refrigerator/freezer + BRA cookware

Game dynamics:

Coryat scores:

Dave Phyllis Tod
$9,000 $8,600 $3,900
22 R
(including 1 DD),
1 W
18 R
(including 2 DDs),
1 W
13 R,
2 W

Combined Coryat: $21,500

[game clues] [game scores] [suggest correction]

Game tape date: 1991-02-18
The J! Archive is created by fans, for fans. Scraping, republication, monetization, and malicious use prohibited; this site may use cookies and collect identifying information. See terms. The Jeopardy! game show and all elements thereof, including but not limited to copyright and trademark thereto, are the property of Jeopardy Productions, Inc. and are protected under law. This website is not affiliated with, sponsored by, or operated by Jeopardy Productions, Inc. Join the discussion at JBoard.tv.